| 000 | 01273nam0a22002531 4500 | ||
|---|---|---|---|
| 001 | rc\632835 | ||
| 005 | 20031121164441.4 | ||
| 035 | _a(NLR Aleph) 005874864 | ||
| 090 |
_a6017032 _c6017032 |
||
| 100 | _a20031121d1986 u |0rusy50 ca | ||
| 101 | 0 | _arus | |
| 102 | _aRU | ||
| 105 | _ay ||||||||| | ||
| 200 | 1 |
_aМЕТОДИКА проведения практических и семинарских занятий в школах молодого лектора при городских и районных организациях общества "Знание" _e(Метод. рекомендации в помощь преподавателям шк. молодого лектора) _fО-во "Знание" РСФСР, Краснод. краев. орг. _g[Подгот. М.З. Тимошенко, к. п. н., доц.] |
|
| 210 |
_aКраснодар _cБ. и. _d1986 |
||
| 215 |
_a18 с. _d20 |
||
| 320 | _aБиблиогр.: с. 18 | ||
| 702 | 1 |
_aТимошенко _bМ. З. _gМихаил Захарович _4570 |
|
| 712 | 0 | 2 |
_a"Знание", о-во РСФСР _bКраснодарское краев. отделение _3RU\NLR\AUTH\889959491 |
| 801 | 0 |
_aRU _bNLR _gpsbo |
|
| 801 | 1 |
_aRU _bELAR _2rusmarc |
|
| 852 |
_aNLR _j88-4/8513 |
||
| 942 | _cBOOK | ||
| 980 | _aNB | ||